Ανθρωπολογικά μουσειολογικά : μικρά μελετήματα
Saved in:
| Main Author: | |
|---|---|
| Format: | Book |
| Language: | Greek |
| Published: |
Αθήνα :
Πολιτιστικό Ίδρυμα Ομίλου Πειραιώς,
2003.
|
| Subjects: | |
| Tags: |
Add Tag
No Tags, Be the first to tag this record!
|
MARC
| LEADER | 00000cam a2200000 i 4500 | ||
|---|---|---|---|
| 001 | 1/12484 | ||
| 008 | 110318s2003 gr gre d | ||
| 020 | |a 9602440783 | ||
| 035 | |l 10109806 | ||
| 040 | |a GR-MY-UA |b gre |e aacr | ||
| 041 | 0 | |a gre | |
| 082 | 0 | |a 069.09495 |2 (22) | |
| 100 | 1 | |a Παπαδόπουλος, Στέλιος Αγ., |d 1932- | |
| 245 | 1 | 0 | |a Ανθρωπολογικά μουσειολογικά : |b μικρά μελετήματα / |c Στέλιος Αγ. Παπαδόπουλος. |
| 260 | |a Αθήνα : |b Πολιτιστικό Ίδρυμα Ομίλου Πειραιώς, |c 2003. | ||
| 300 | |a 560 σ. : |c 27 εκ. | ||
| 504 | |a Περιλαμβάνει βιβλιογραφίες και ευρετήριο. | ||
| 650 | 0 | 0 | |a Museum techniques. |
| 650 | 0 | 0 | |a Museums |z Greece. |
| 651 | 0 | |a Greece |x Civilization. | |
| 852 | |a INST |b CHIOS |e 20230622 |h 069.09495 ΠΑΠ |p 005200040428 |q 005200040428 |t BK |y 0 | ||
| 852 | |a INST |b SYROS |e 20110318 |h 069.09495 ΠΑΠ |p 005500009278 |q 005500009278 |t BK |y 0 | ||
| 901 | |a BIBL5-2011-1 | ||
| 909 | |a Ε |b 165463 | ||
| 970 | |a ΚΟΝΤΟΥ |b ΠΑΡΑΣΚΕΥΗ |z 2011/03/18 | ||